000 01477cas a2200409 a 4500
999 _c328785
_d328785
001 11391385
003 Nust
005 20170417121537.0
007 t|
008 900726d19901993dcuar 0 a0eng c
010 _a 91656036
_zsn 90001255
022 _a1014-8132
_l1014-8132
_20
035 _a(OCoLC)ocm22148550
040 _aNSDP
_cNSDP
_dDLC
_dMH
_dInU
_dWaU
_dNST
_dWaU
_dNIC
_dMH
_dMiU
_dMH
_dDLC
_dWaU
_dInU
_dOCoLC
042 _ansdp
_apcc
050 0 0 _aHC79.E5
_bW666
082 0 0 _a363.7 WBE
_220
210 0 _aWorld Bank environ.
222 4 _aThe World Bank and the environment
245 0 4 _aThe World Bank and the environment :
_bannual report /
_cThe World Bank.
260 _aWashington, D.C. :
_bThe Bank,
_cc1990-1993.
300 _a102p. ;
_c23 cm.
310 _aAnnual
362 0 _a1st (fiscal 1990)-fiscal 1993.
500 _aSubtitle varies.
501 _aP.B
590 _aSERBIB/SERLOC merged record
610 2 0 _aWorld Bank
_vPeriodicals.
650 0 _aEnvironmental policy
_vPeriodicals.
650 0 _aEnvironmental protection
_vPeriodicals.
710 2 _aWorld Bank.
785 0 0 _tWorld Bank Group and the environment
_x1025-6881
_w(DLC)sn 95032976
_w(OCoLC)31459526
906 _a7
_bcbc
_cserials
_d2
_encip
_f19
_gn-oclcserc
942 _2ddc
_cBK
_k363.7 WBE